Quiz de la Provincia de Huesca - Estadísticas

Estadísticas generales
  • Esta prueba ha sido intentada 187 veces
  • La puntuación promedio es 5 de 7
Estadísticas de respuestas
Pista Respuesta % Correcto
Capital. Huesca
99%
Comunidad de la que forma parte. Aragón
97%
Montaña más alta, que también es la segunda más alta de la Península Ibérica. Aneto
89%
Segundo pueblo más grande de la provincia con nombre de fenómeno meteorológico lluvioso (pista: empieza por M) Monzón
85%
Fiestas celebradas a principios de agosto en honor a un santo que se cree que nació en la capital. Fiestas de San Lorenzo
75%
Quinto pico más alto de la Península Ibérica con nombre de cosa que no encuentras. Monte Perdido
71%
Médico militar nacido en la capital, considerado el inventor de la anestesia epidural, que comparte apellido con una variedad de longaniza. Fidel Pagés
21%
No se encontraron pruebas coincidentes
Distribución de puntuación
Porcentaje de gente con cada puntuación
Porcentaje por número respondido
Historial de tus puntuaciones
No has intentado esta prueba.